书目信息 |
| 题名: |
新剑桥商务英语
|
|
| 作者: | 麦肯齐, 著 | |
| 分册: | 高级 学生用书 | |
| 出版信息: | 北京 人民邮电出版社 2004.09 |
|
| 页数: | 216页 | |
| 开本: | 28cm | |
| 丛书名: | 新剑桥商务英语系列丛书 | |
| 单 册: | ||
| 中图分类: | H310.41 | |
| 科图分类: | ||
| 主题词: | 商务--shang wu--英语--考核--自学参考资料 | |
| 电子资源: | ||
| ISBN: | 7-115-12596-1 | |
| 000 | 01280nam 2200289 450 | |
| 001 | 012006885859 | |
| 005 | 20060306110622.28 | |
| 010 | @a7-115-12596-1@dCNY55.00 | |
| 100 | @a20060306d2004 km y0chiy0120 ea | |
| 101 | 0 | @aeng |
| 102 | @aCN@b110000 | |
| 105 | @aa z 000yy | |
| 200 | 1 | @a新剑桥商务英语@Axin jian qiao shang wu ying yu@e第2版@h高级@i学生用书@d= English for Business Studies : A Course for Business Studies and Economics Students, Student's Book@f(英)伊恩·麦肯齐(Ian MacKenzie)著@F(ying)yi en·mai ken qi(Ian MacKenzie)zhu@zeng |
| 210 | @a北京@c人民邮电出版社@d2004.09 | |
| 215 | @a216页@c图@d28cm | |
| 225 | 2 | @a新剑桥商务英语系列丛书@Axin jian qiao shang wu ying yu xi lie cong shu |
| 300 | @a剑桥大学考试委员会推荐BEC高级考试用书 | |
| 330 | @a本书针对那些需要运用或理解较难的商务和经济概念的学习者。 | |
| 410 | 0 | @12001 @a新剑桥商务英语系列丛书 |
| 510 | 1 | @aEnglish for Business Studies : A Course for Business Studies and Economics Students, Student's Book@zeng |
| 517 | 1 | @a第2版@Adi 2 ban |
| 517 | 1 | @a学生用书@Axue sheng yong shu |
| 606 | 0 | @a商务@Ashang wu@x英语@x考核@j自学参考资料 |
| 690 | @aH310.41@v4 | |
| 701 | 1 | @a麦肯齐,@Amai ken qi,@b伊恩@g(MacKenzie, Ian)@4著 |
| 801 | 0 | @aCN@bQSSK@c20060306 |
| 905 | @a10447@dH310.41@eM285 | |
| 新剑桥商务英语:第2版.高级.学生用书= English for Business Studies : A Course for Business Studies and Economics Students, Student's Book/(英)伊恩·麦肯齐(Ian MacKenzie)著.-北京:人民邮电出版社,2004.09 |
| 216页:图;28cm.-(新剑桥商务英语系列丛书) |
| 剑桥大学考试委员会推荐BEC高级考试用书 |
| ISBN 7-115-12596-1:CNY55.00 |
| 本书针对那些需要运用或理解较难的商务和经济概念的学习者。 |
| ● |
| 相关链接 |
|
|
|
正题名:新剑桥商务英语
索取号:H310.41/M285
 
预约/预借
| 序号 | 登录号 | 条形码 | 馆藏地/架位号 | 状态 | 备注 |
| 1 | 554475 | 205544758 | 语言库209/209语言库 95排3列3层/ [索取号:H310.41/M285] | 在馆 | |
| 2 | 554476 | 205544767 | 语言库209/209语言库 95排3列3层/ [索取号:H310.41/M285] | 在馆 | |
| 3 | 554477 | 205544776 | 语言库209/209语言库 95排3列3层/ [索取号:H310.41/M285] | 在馆 |